000 00284nam a22001337a 4500
008 180215b xxu||||| |||| 00| 0 eng d
020 _a9780781761451
041 _aeng
080 _a616
100 _a9
101 _aPAT
245 _aPATHOPHYSIOLOGY
_cHAROLD.J.B
942 _2udc
_cBK
999 _c42704
_d42704